Perl database programming

Đã lưu trong:
Bibliografiske detaljer
Hovedforfatter: Brent Michalski
Format: Bog
Sprog:Undetermined
Udgivet: Indianapolis, IN Wiley 2003
Fag:
Tags: Tilføj Tag
Ingen Tags, Vær først til at tagge denne postø!
Thư viện lưu trữ: Trung tâm Học liệu Trường Đại học Cần Thơ
LEADER 00483nam a2200169Ia 4500
001 CTU_56378
008 210402s9999 xx 000 0 und d
082 |a 005.73 
082 |b M149 
100 |a Brent Michalski 
245 0 |a Perl database programming 
245 0 |c Brent Michalski 
260 |a Indianapolis, IN 
260 |b Wiley 
260 |c 2003 
650 |a database structures,data structures ( computer science ) 
980 |a Trung tâm Học liệu Trường Đại học Cần Thơ